| 000 | 00592nam a2200217Ia 4500 | ||
|---|---|---|---|
| 005 | 20241129111332.0 | ||
| 008 | 241129s9999||||xx |||||||||||||| ||und|| | ||
| 020 | _a978-977-735-837-8 | ||
| 037 | _aTB | ||
| 040 |
_aCRL _beng _cCRL |
||
| 041 |
_aara _2ara |
||
| 084 |
_aP:3 28Q3 _qCRL |
||
| 100 |
_aIbraheem Ibraheem Mohammad Au. _9724116 |
||
| 245 | 0 |
_aAl-tatbiqat al-nahuiya wa al-sarfiya _cIbraheem Ibraheem Mohammad Au. |
|
| 260 | _c2019 | ||
| 300 | _a451p. | ||
| 365 |
_aINR _b2200 |
||
| 650 |
_aLinguistic _9558313 |
||
| 942 |
_cTB _hP:3 28Q3 |
||
| 999 |
_c1229979 _d1229979 |
||